=LDR 00000nam 2200000 4500 =001 INLIS000000000011310 =005 20130612102903 =008 ***********************************Ind** =035 ##$$0010-061300000011310 =041 ##$$a Ind =082 ##$$a 959.8 =090 ##$$a 959.8, Nas s =100 ##$$a Nasution, A.H =245 ##$$a Sekitar perang kemerdekaan Indonesia , DR. A.H Nasution =260 ##$$a 1978 $b Bandung =300 ##$$a 634 hlm., 21 cm =650 ##$$a Sejarah Indonesia =850 ##$$a NBPNMAT